Escudos reales, municipales y nobiliarios de la Coruña y su tierra / (Record no. 99595)

MARC details
000 -LEADER
campo de control de longitud fija 00905nam a2200241 i 4500
001 - NÚMERO DE CONTROL
campo de control 99595
003 - IDENTIFICADOR DE NÚMERO DE CONTROL
campo de control ES-MaACL
005 - FECHA Y HORA DE LA ÚLTIMA TRANSACCIÓN
campo de control 20250730165126.0
007 - CAMPO FIJO DE DESCRIPCIÓN FÍSICA--INFORMACIÓN GENERAL
campo de control de longitud fija t|
008 - DATOS DE LONGITUD FIJA--INFORMACIÓN GENERAL
campo de control de longitud fija 050913s1967 sp ||||1| spa d
080 ## - NÚMERO DE LA CLASIFICACIÓN DECIMAL UNIVERSAL
Número de la Clasificación Decimal Universal 929.61(461.11)
100 1# - ENTRADA PRINCIPAL--NOMBRE DE PERSONA
Nombre de persona Martínez-Barbeito, Carlos,
Fechas asociadas al nombre 1913-1997
9 (RLIN) 77884
245 10 - MENCIÓN DEL TÍTULO
Título Escudos reales, municipales y nobiliarios de la Coruña y su tierra /
Mención de responsabilidad, etc. Carlos Martínez-Barbeito.
260 ## - PUBLICACIÓN, DISTRIBUCIÓN, ETC.
Lugar de publicación, distribución, etc. La Coruña :
Nombre del editor, distribuidor, etc. [s.n.],
Fecha de publicación, distribución, etc. 1967 (
Lugar de fabricación/manufactura Imp. Moret)
300 ## - DESCRIPCIÓN FÍSICA
Extensión 71 p. :
Otras características físicas il. ;
Dimensiones 22 cm.
500 ## - NOTA GENERAL
Nota general Es tirada aparte de Revista del Instituto José Cornide de Estudios Coruñenses. Año III.- Nº 3.-1967.
650 #4 - PUNTO DE ACCESO ADICIONAL DE MATERIA--TÉRMINO DE MATERIA
Término de materia o nombre geográfico como elemento de entrada Heráldica-
Subdivisión geográfica La Coruña.
9 (RLIN) 145856
710 2# - ENTRADA AGREGADA--NOMBRE DE ENTIDAD CORPORATIVA
Nombre de entidad corporativa o nombre de jurisdicción como elemento de entrada Instituto "José Cornide" de Estudios Coruñeses
9 (RLIN) 5109
852 ## - LOCALIZACIÓN
Ubicación ES-MaACL
Número de control de estantería 2071-F-8
Sublocalización o colección R.72053
852 ## - LOCALIZACIÓN
Ubicación ES-MaACL
Número de control de estantería C-49748
Sublocalización o colección R.84948
852 ## - LOCALIZACIÓN
Ubicación ES-MaACL
Número de control de estantería C-45082
Sublocalización o colección R.83964
Holdings
Estatus retirado Estado de pérdida Estado de daño No para préstamo Biblioteca de origen Biblioteca actual Ubicación en estantería Fecha de adquisición Fuente de adquisición Total de préstamos Signatura topográfica completa Código de barras Visto por última vez Precio de reemplazo Tipo de ítem Koha Colección
        Biblioteca del Ateneo de Madrid Biblioteca del Ateneo de Madrid Depósito 2 17/01/2008     C-45082 1103995 23/02/2023 23/02/2023 Libro impreso  
        Biblioteca del Ateneo de Madrid Biblioteca del Ateneo de Madrid Depósito folletos 17/01/2008     2071-F-8 1103993 23/02/2023 23/02/2023 Folleto Colección de folletos
        Biblioteca del Ateneo de Madrid Biblioteca del Ateneo de Madrid Depósito 2 17/01/2008     C-49748 1103994 23/02/2023 23/02/2023 Libro impreso